"Télapó itt van?" - a Mikuláskultuszra épülő turizmus keresleti megközelítésű vizsgálata nemzetközi és hazai példákon keresztül

Bibliographic Details
Main Author: Hapeman Zoltán Kevin
Other Authors: Schultz Dr. Éva
Format: Thesis
Kulcsszavak:Finnország
kulturális turizmus
Mikulás
netnográfia
turizmus
Online Access:http://dolgozattar.uni-bge.hu/59854

MARC

LEADER 00000nta a2200000 i 4500
001 dolg59854
005 20260409145645.0
008 260409suuuu hu om 000 hun d
040 |a BGE Dolgozattár Repozitórium  |b hun 
041 |a hu 
100 1 |a Hapeman Zoltán Kevin 
245 1 0 |a "Télapó itt van?" - a Mikuláskultuszra épülő turizmus keresleti megközelítésű vizsgálata nemzetközi és hazai példákon keresztül  |c Hapeman Zoltán Kevin  |h [elektronikus dokumentum] 
520 3 |a Mindenki máshogyan éli meg a karácsonyt és a hozzá kapcsolódó ünnepkört, nem csupán országról országra, de akár háztartásonként is változó lehet az ünnephez való szemlélet. Rendkívül sok témapark létezik a világon, mely a karácsonnyal foglalkozik, illetve a nyugati világban az eredeti, Krisztus születése motívum mellett a központi motívum egy piros-fehér ruhába öltözött idős ember, akit Mikulásként ismerünk. És mit tudnak kínálni ezek a témaparkok, melyek a személye köré épültek, ám valójában egy mítoszon alapuló turizmusról van szó, mely egyik országhoz sem köthető. És mit gondolnak erről az ide ellátogatók? Kutatásom során netnográfiás felméréssel jártam utána, hogy a látogatók Mikulás tematikájú parkjaiban milyen élményekkel gazdagodtak, illetve mennyire felelt meg ez az előzetes elképzeléseiknek. A kutatás során vegyes összkép tárult fel számomra, a témaparkok megítélése mindkét szélsőségben megmutatkozott: a pozitív hangok a karácsonyi hangulat tökéletes megelevenítésének tartják, ahol újra átélhetik gyerekkorukat, míg mások egy kommersz, csupán költekezésre jó helynek titulálják, mely karácsonyi tematikájú ugyan, de annak a varázsát egyáltalán nem adja vissza. Összesítve a témaparkok megítélése nagyban függ attól, hogy a látogató alapvetően hogyan viszonyul a karácsonyhoz, melyet napjainkban megélünk és ennek alapján nagy valószínűséggel valamelyik szélsőségbe fog kerülni véleménye alapján. 
695 |a Finnország 
695 |a kulturális turizmus 
695 |a Mikulás 
695 |a netnográfia 
695 |a turizmus 
700 1 |a Schultz Dr. Éva  |e ths 
856 4 0 |u http://dolgozattar.uni-bge.hu/59854/1/Hapeman%20Zolt%C3%A1n%20Kevin.pdf  |z Dokumentum-elérés 
856 4 0 |u http://dolgozattar.uni-bge.hu/59854/2/Hapeman_Zolt%C3%A1n%C2%AD_Kevin_konzulens_G%C3%A1szn%C3%A9_B%C5%91sz_Bernadett.pdf  |z Dokumentum-elérés 
856 4 0 |u http://dolgozattar.uni-bge.hu/59854/3/Hapeman%20Zolt%C3%A1n%20Kevin_konzulensi_Schultz%20%C3%89va.pdf  |z Dokumentum-elérés